Regionalization in the world economy nafta, the Americas and Asia Pacific
Gespeichert in:
| Weitere Verfasser: | |
|---|---|
| Format: | Buch |
| Sprache: | Englisch |
| Veröffentlicht: |
New Delhi
Macmillan India Ltd.
1996
|
| Schlagworte: | |
| Tags: |
Keine Tags, Fügen Sie das erste Tag hinzu!
|
MARC
| LEADER | 00000nam a2200000 4500 | ||
|---|---|---|---|
| 001 | c100982 | ||
| 005 | 20221123123959.1 | ||
| 041 | 0 | |a eng | |
| 044 | |a IN | ||
| 245 | 1 | 0 | |a Regionalization in the world economy |b nafta, the Americas and Asia Pacific |c Editor Van R. Whiting, Jr. |
| 264 | 1 | |a New Delhi |b Macmillan India Ltd. |c 1996 | |
| 300 | |a 310 s. | ||
| 610 | 2 | 0 | |a hospodárstvo svetové |
| 610 | 2 | 0 | |a regionalizácia |
| 610 | 2 | 0 | |a politika hospodárska |
| 610 | 2 | 0 | |a Ázia |
| 610 | 2 | 0 | |a Amerika |
| 610 | 2 | 0 | |a NAFTA |
| 610 | 2 | 0 | |a USA |
| 610 | 2 | 0 | |a priemysel automobilový |
| 610 | 2 | 0 | |a obchod medzinárodný |
| 610 | 2 | 0 | |a integrácia ekonomická |
| 610 | 2 | 0 | |a Tichomorie |
| 610 | 2 | 0 | |a Japonsko |
| 610 | 2 | 0 | |a investície priame zahraničné |
| 610 | 2 | 0 | |a elektronika |
| 610 | 2 | 0 | |a zákazníci |
| 610 | 2 | 0 | |a regióny |
| 610 | 2 | 0 | |a India |
| 610 | 2 | 0 | |a APEC |
| 700 | 1 | |a Whiting, Van R., Jr. | |